000 00738nam a2200193Ia 4500
999 _c63478
_d63478
003 GCL
005 20240530110643.0
008 140319s9999 xx 000 0 ara d
040 _aGCL /
_cGCL
082 0 4 _a953.071
_bب ص
100 1 _aابن بشكوال : ابو القاسم خلف بن عبد الملك بن سعود الاندلسي
245 1 0 _aالصلة /
_cابن بشكوال : ابو القاسم خلف بن عبد الملك بن سعود الاندلسي
260 _a[S.N] :
_bدار الكتاب المصرى ،
_c1990
300 _aمتعدد الترقيم
490 _aسلسلة اللغات للمسافر
_v0
650 0 4 _aالتراجم
700 1 _aابراهيم الابيارى
942 _2ddc
_cREF